000 01234nam a2200325 a 4500
001 vtls000824433
003 NLI
005 20210627055923.0
008 110331m1995uuuuii ab 000 0 eng
039 9 _y201103312023
_zDatasoft
040 0 _aNLI
_beng
_cRetro_DSC 1
_eAACR2
041 0 _aeng
044 _aii
082 0 4 _a954
100 1 _aShah, Tribhuvandas L.
_9803723
245 1 0 _aAncient India :
_bhistory of ancient India for 1000 years in four volumes, from 900 B.C. to 100 A.D /
_cby Tribhuvandas L. Shah
260 _aBaroda :
_bShashikant,
_c1995-
300 _a-v. :
_bill., maps ;
_c24 cm.
500 _aLibrary has vol.1 and 2
505 0 _aVol.1 and v.2 A marvellous array of uholly new and eye opening theories substantiated with facts and figures from coins inscriptions and authoritative writers
651 0 _aIndia
_xHistory
_y324 B.C.-1000 A.D
_9703570
710 2 _aDr. Sailendra Nath Sen Collection (National Library, India)
887 _a
901 _aSC2489
_b16.5.1962
_9v.1
901 _aSC2540
_b18.5.1962
_9v.2
902 _aS.C 954 Sh 13
949 _AVIRTUAITEM
_D10000
_X100
_6GSC000002489ENG
_9v.1
942 _2ddc
_cBKS
949 _AVIRTUAITEM
_D10000
_X100
_6GSC000002540ENG
_9v.2
999 _aVIRTUA40
_c672012
_d672012